00549nmm a2200169Ia 4500008004100000020001800041041000800059100001100067245009000078264005600168300001800224490003200242650003000274856005100304942000700355999001700362251105s9999||||xx |||||||||||||||||und|| a9789560001870 aspa aVV.AA. 0aExigibilidad y realización de derechos sociales: impacto en la política pública a[Santiago de Chile, Chile] :bLOM Ediciones, c2010 a258 páginas aCiencias Sociales y Humanas aSocial Sciences (General) uhttps://public.digitaliapublishing.com/a/13178 cCF c93442d93442